Rappeur américain par titre de morceaux - Statistiques

Statistiques générales
  • Ce quiz a été pris 564 fois
  • Le résultat moyen est 7 sur 15
Statistiques - réponses
Morceaux Réponse % Correct
Overdue Travis Scott / Metro Boomin
90%
Industry Baby Lil Nas X
66%
Big Poppa The Notorious B.I.G./ Biggie
63%
Love Sosa Chief Keef
62%
Politics As Usual JAY-Z
50%
Little Engine Eminem
47%
Shook Ones, Pt.II Mobb Deep
47%
N.Y. State of Mind Nas
47%
Who am I ? Snoop Dog
46%
No Idea Don Toliver
41%
Institutionalized Kendrick Lamar
39%
Sicko Mode Travis Scott Drake
33%
G.O.M.D J. Cole
27%
Ms. Fat Booty Mos Def
15%
Dreams The Game
10%
Aucun quiz correspondant
Distribution des résultats
% des personnes avec chaque résultat
Percentile par nombre de réponses
Votre historique - résultats
Vous n’avez pas pris ce quiz